|
|
|
|
| LEADER |
00000cam a2200000 a 4500 |
| 001 |
vtls009951817 |
| 003 |
SK-MaSNL |
| 005 |
20260301030043.0 |
| 008 |
240313s2009 xo o b f 001 0dslo |
| 015 |
|
|
|a SNBA2009/12-06066
|
| 020 |
|
|
|a 9788080857998
|q (brož.)
|
| 035 |
|
|
|a 87F0AAD4-78EE-44DE-A6F6-105BD9DE1B9D
|
| 035 |
|
|
|a urn:nbn:sk:snk-amjwfj
|
| 035 |
|
|
|a urn:nbn:sk:snk-am007z7a
|
| 040 |
|
|
|a SNK
|b slo
|c SNK
|e AACR2
|
| 041 |
1 |
|
|a slo
|h eng
|
| 044 |
|
|
|a xo
|c SK
|
| 072 |
|
7 |
|a 641
|x Kuchárstvo. Potraviny. Varené jedlá
|2 konspekt
|
| 072 |
|
7 |
|a 821-93
|x Literatúra pre deti a mládež
|2 konspekt
|
| 080 |
|
|
|a 641.53
|2 2001
|
| 080 |
|
|
|a 641.562
|2 2001
|
| 080 |
|
|
|a 641.566
|2 2001
|
| 080 |
|
|
|a (083.12)
|2 2001
|
| 080 |
|
|
|a (0.053.2)
|2 2001
|
| 100 |
1 |
|
|a Karmel, Annabel,
|d 1961-
|4 aut
|9 323218
|
| 240 |
1 |
0 |
|a Mummy and me cookbook
|l Slovensky
|
| 245 |
1 |
0 |
|a Mama a ja v kuchyni
|c Annabel Karmel ; [z anglického originálu preložila Lucia Borovská]
|
| 250 |
|
|
|a 1. slov. vyd.
|
| 260 |
|
|
|a [Bratislava]
|b Slovart
|c 2009
|
| 300 |
|
|
|a 47 s.
|b fareb. fotogr.
|c 28 cm
|
| 500 |
|
|
|a Miesto vyd. podľa ISBN
|
| 500 |
|
|
|a Biogr. údaje
|
| 546 |
|
|
|a Reg.
|
| 650 |
0 |
7 |
|a varenie
|2 SNKPH
|9 4177
|
| 650 |
0 |
7 |
|a detské jedlá
|2 SNKPH
|9 78296
|
| 655 |
|
7 |
|a kuchárske recepty
|2 SNKPH
|9 70493
|
| 655 |
|
7 |
|a publikácie pre deti
|2 SNKPH
|9 70148
|
| 700 |
1 |
|
|a Borovská, Lucia
|4 trl
|9 124712
|
| 919 |
|
|
|a 978-80-8085-799-8
|
| 958 |
|
|
|a DB
|
| 958 |
|
|
|a OP
|
| 968 |
|
|
|b ENG
|d 64
|
| 999 |
|
|
|c 573724
|d 575654
|
| 952 |
|
|
|a SNK
|b SNK
|y PREZ
|7 0
|p 17A0634636
|o snkSB 78539
|i snk2009/19793
|8 0
|0 0
|1 0
|4 0
|d 2009-11-03
|f 1
|l 0
|r 2025-04-29 00:00:00
|w 2026-02-23
|
| 952 |
|
|
|a SNK
|b SNK
|y VYP
|7 0
|p 17A0634637
|o snkSB 78539 D1
|i snk2009/19794
|8 0
|z Digitalizovaný
|0 0
|1 0
|4 0
|d 2009-11-03
|l 0
|r 2016-06-30 00:00:00
|w 2026-02-23
|